| 000 | 00826nac a22002417a 4500 | ||
|---|---|---|---|
| 001 | BR9406193 | ||
| 003 | BR-BrBNA | ||
| 005 | 20240105121532.0 | ||
| 008 | 230509b bl.|||m| |||| 00| 0 por d | ||
| 040 |
_aBR-BrBNA _bpor _cBiblioteca Nacional de Agricultura |
||
| 072 | _aE11 | ||
| 090 | _aE11 BR9406193 | ||
| 100 | 1 | _aSilva, J.G. da | |
| 110 | 1 |
_aConfederacao Nacional dos Trabalhadores na Agricultura, Rio de Janeiro, RJ (Brasil) _92545 |
|
| 245 | 1 | _aBases de uma politica agricola favoravel ao desenvolvimento economico do Brasil. Reforma agraria | |
| 260 | 3 |
_aRio de Janeiro, RJ (Brasil): _c1968. |
|
| 300 | _a34 p. | ||
| 490 |
_aColecao CONTAG (Brazil) _vno. 3 _x |
||
| 650 | _aReforma Agraria | ||
| 650 | _aDesenvolvimento Economico | ||
| 909 |
_a202312 _bLúcia Elande _c55 _dLúcia Elande |
||
| 942 |
_2AGRIS _n0 _cMS |
||
| 999 |
_c285871 _d285871 |
||